| 000 | 00659nam a2200217Ia 4500 | ||
|---|---|---|---|
| 003 | SISC | ||
| 005 | 20181008135924.0 | ||
| 008 | 180918s9999 xx 000 0 und d | ||
| 020 | _a9781259921889 | ||
| 050 |
_aHF 5718 _b.C268 2018 |
||
| 100 | _aCardon, Peter | ||
| 245 |
_cPeter Cardon _aBusiness communication: _bdeveloping leaders for a networked world/ |
||
| 250 | _a3rd ed. | ||
| 260 |
_aNY: _bMcGraw-Hill Education _c2018 |
||
| 300 |
_a578 pages : _bcolored illustrations ; _c27 cm. |
||
| 500 | _aincludes index | ||
| 650 | _aBusiness communication | ||
| 650 | _aBusiness communication -- Computer networks | ||
| 942 |
_2lcc _cBK |
||
| 999 |
_c358796 _d358796 |
||